Central Library OPAC University of Rajshahi

Sports and games / (Record no. 16855)

MARC details
000 -LEADER
fixed length control field 00703nam a2200265 4500
001 - CONTROL NUMBER
control field 16855
003 - CONTROL NUMBER IDENTIFIER
rucl marc code BD-RjUL
005 - DATE AND TIME OF LATEST TRANSACTION
control field 20211209000047.0
008 - FIXED-LENGTH DATA ELEMENTS--GENERAL INFORMATION
fixed length control field 140215s1969 nyua 001 0 eng d
035 ## - SYSTEM CONTROL NUMBER
System control number (BD-RjUL)16910
040 ## - CATALOGING SOURCE
Original cataloging agency DLC
Transcribing agency DLC
Modifying agency DLC
-- BD-RjUL
Language of cataloging eng
041 ## - LANGUAGE CODE
Language code of text/sound track or separate title eng
082 00 - DEWEY DECIMAL CLASSIFICATION NUMBER
Classification number 796
Author mark and year KES 1969
100 1# - MAIN ENTRY--PERSONAL NAME
Personal name Keith, Harold,
Dates associated with a name 1903-1998.
9 (RLIN) 52043
245 10 - TITLE STATEMENT
Title Sports and games /
Statement of responsibility, etc. Harold Keith.
250 ## - EDITION STATEMENT
Edition statement 5th ed., rev.
260 ## - PUBLICATION, DISTRIBUTION, ETC. (IMPRINT)
Place of publication, distribution, etc. New York :
Name of publisher, distributor, etc. Crowell,
Date of publication, distribution, etc. 1969.
300 ## - PHYSICAL DESCRIPTION
Pagination viii, 411 p. :
Illustrations illus.
Size 21 cm.
504 ## - BIBLIOGRAPHY, ETC. NOTE
Bibliography, etc Includes indexes.
650 #0 - SUBJECT ADDED ENTRY--TOPICAL TERM
Topical term or geographic name as entry element Sports.
9 (RLIN) 52044
Topical term or geographic name as entry element Athletics.
9 (RLIN) 52045
942 ## - ADDED ENTRY ELEMENTS (KOHA)
Source of classification or shelving scheme Dewey Decimal Classification
Koha item type Books
Holdings
Lost status Source of classification or shelving scheme Damaged status Not for loan Collection code Permanent Location Current Location Shelving location Date acquired Source of acquisition Cost, normal purchase price Total Checkouts Full call number Date last seen Copy number Koha item type
  Dewey Decimal Classification   Not For Loan Non-fiction Central Library, University of Rajshahi Central Library, University of Rajshahi Reading Room 15/07/1971 N/A 0.00   796 KES 1969 15/02/2014 C-1 Books